[Event "Titled Tuesday intern op 28th Feb Late"]
[Site "Chess.com INT"]
[Date "2023.02.28"]
[Round "8"]
[White "Kaufman, Raymond"]
[Black "Cueto, Jose"]
[Result "1-0"]
[WhiteElo "2143"]
[BlackElo "2134"]
[PlyCount "51"]
[EventDate "2023.02.28"]
[EventType "swiss (blitz)"]
[EventRounds "11"]
[EventCountry "USA"]
[SourceTitle "CBM 213 Extra"]
[Source "ChessBase"]
[SourceDate "2023.05.31"]
[SourceVersion "1"]
[SourceVersionDate "2023.05.31"]
[SourceQuality "1"]

1. c4 e6 2. g3 Nf6 3. Bg2 Be7 4. e4 c5 5. e5 Ng8 6. d4 cxd4 7. Qxd4 Nc6 8. Bxc6 dxc6 9. Qxd8+ Kxd8 10. Nc3 Bb4 11. Bd2 Ne7 12. Ne4 a5 13. 0-0-0 Kc7 14. Nf3 h6 15. a3 Bxd2+ 16. Rxd2 b6 17. Rhd1 b5 18. Nd6 Rf8 19. cxb5 cxb5 20. Nxb5+ Kb6 21. Rd6+ Kxb5 22. Nd4+ Kc5 23. Nb3+ Kb5 24. a4+ Kxa4 25. Rb6 Nd5 26. Nc5# 1-0

[Event "Titled Tuesday intern op 28th Feb Early"]
[Site "Chess.com INT"]
[Date "2023.02.28"]
[Round "11"]
[White "Kaufman, Raymond"]
[Black "Rian, Kapriaga"]
[Result "1-0"]
[WhiteElo "2143"]
[BlackElo "2089"]
[PlyCount "75"]
[EventDate "2023.02.28"]
[EventType "swiss (blitz)"]
[EventRounds "11"]
[EventCountry "USA"]
[SourceTitle "CBM 213 Extra"]
[Source "ChessBase"]
[SourceDate "2023.05.31"]
[SourceVersion "1"]
[SourceVersionDate "2023.05.31"]
[SourceQuality "1"]

1. d4 Nf6 2. c4 e6 3. Nf3 d5 4. Nc3 Be7 5. g3 0-0 6. Bg2 c6 7. 0-0 Nbd7 8. Qd3 b6 9. Rd1 Ba6 10. b3 Rc8 11. e4 dxe4 12. Nxe4 c5 13. Bb2 cxd4 14. Qxd4 Bb7 15. Nfg5 Bxe4 16. Nxe4 Qc7 17. Nd6 Bxd6 18. Qxd6 a5 19. Qxc7 Rxc7 20. Rd6 Rb8 21. Rad1 Kf8 22. Bc6 Nc5 23. Ba3 Ke7 24. Bb5 h5 25. h3 Nfe4 26. Rd7+ Rxd7 27. Rxd7+ Kf6 28. Rd1 e5 29. Bb2 Ke6 30. Bc6 f5 31. Bd5+ Kf6 32. f4 Re8 33. fxe5+ Kg6 34. Kh2 h4 35. gxh4 Rh8 36. Rg1+ Kh7 37. e6 g6 38. Bxh8 1-0

[Event "Titled Tuesday intern op 28th Feb Early"]
[Site "Chess.com INT"]
[Date "2023.02.28"]
[Round "6"]
[White "Rodriguez Fontecha, Marcos"]
[Black "Kaufman, Raymond"]
[Result "1-0"]
[WhiteElo "2309"]
[BlackElo "2143"]
[PlyCount "99"]
[EventDate "2023.02.28"]
[EventType "swiss (blitz)"]
[EventRounds "11"]
[EventCountry "USA"]
[SourceTitle "CBM 213 Extra"]
[Source "ChessBase"]
[SourceDate "2023.05.31"]
[SourceVersion "1"]
[SourceVersionDate "2023.05.31"]
[SourceQuality "1"]

1. Nf3 d5 2. g3 Nc6 3. Bg2 e5 4. d3 Nf6 5. 0-0 Be7 6. Nbd2 0-0 7. e4 dxe4 8. dxe4 h6 9. Re1 Be6 10. c3 a5 11. Qc2 Bc5 12. Nf1 Qe7 13. Ne3 Rfd8 14. Nf5 Qf8 15. Be3 Bxe3 16. Nxe3 a4 17. Nh4 g6 18. Nf3 Kg7 19. Nd2 a3 20. b3 Rd7 21. Rad1 Rad8 22. Nb1 Rxd1 23. Rxd1 Rxd1+ 24. Qxd1 Qc5 25. Qc1 Nd4 26. Qxa3 Ne2+ 27. Kf1 Qxa3 28. Nxa3 Nxc3 29. Nac4 Nd7 30. a4 f6 31. Ke1 Nc5 32. Nd2 Nd3+ 33. Kf1 Kf8 34. Nd5 Bxd5 35. exd5 b6 36. Ne4 Nxe4 37. Bxe4 Nc5 38. Bc2 f5 39. b4 Na6 40. a5 Nxb4 41. d6 cxd6 42. axb6 Ke7 43. b7 Nc6 44. g4 e4 45. Ke2 d5 46. Ke3 d4+ 47. Kf4 d3 48. Ba4 d2 49. gxf5 gxf5 50. Kxf5 1-0